Rasové útoky na Slovensku

Bibliographic Details
Format: Article
Language:Slovak
PhysicalDescription:Fotogr.
Subjects:

MARC

LEADER 00000nab a2200000 a 4500
001 vtls000875966
003 SK-MaSNL
005 20260302161835.0
008 180207c xo 0 slo
015 |a SNBRB2004/06-18450 
035 |a CLN000227518 
040 |a SNKBUCL  |b slo  |c SNKBUCL  |e AACR2 
041 0 |a slo 
044 |a xo  |c SK 
080 |a 323.14(437.6):323.15(=214.58):312.95  |2 UDC-MRF-SK2 
080 |a 323.15(=214.58)(437.6)  |2 UDC-MRF-SK2 
245 0 0 |a Rasové útoky na Slovensku 
300 |b Fotogr. 
650 0 7 |a rasizmus  |z Slovensko  |x štatistiky  |y 1995-2001  |2 snkbucl  |9 860425 
650 0 7 |a Rómovia  |x útoky rasistické  |z Slovensko  |2 snkbucl  |9 860426 
650 0 7 |a romiká  |2 snkbucl  |9 72855 
655 7 |a články z novín a časopisov  |2 snkbucl  |9 267496 
773 0 |t Romano ľil nevo  |g Roč. 11, č. 509(455)-517(463) (2001), s. 7 
850 |a Slovenská národná knižnica v Martine 
852 |a SNK  |b KIS3GCP 
958 |a RBX 
999 |c 1378490  |d 1380420